| LEADER | 01185nam a2200289 u 4500 | ||
|---|---|---|---|
| 001 | 10108712 | ||
| 003 | upatras | ||
| 005 | 20231116125508.0 | ||
| 008 | 130228s2005 gre | ||
| 020 | |a 9604238132 | ||
| 040 | |a GR-PaULI |c GR-PaULI | ||
| 041 | 1 | |a gre |h eng | |
| 082 | 1 | 4 | |a 709 |2 22 |
| 100 | 1 | |a Little, Stephen |d 1974- |4 aut |9 131307 | |
| 245 | 1 | 0 | |a Οι "-ισμοί" στην τέχνη |c Stephen Little; [μετάφραση Αθανάσιος Κατσικερός]. |
| 260 | |a Αθήνα |b Σαββάλας |c 2005 | ||
| 300 | |a 159 σ. |b εικ. |c 21 εκ. | ||
| 504 | |a Includes bibliographical references | ||
| 650 | 4 | |a Τέχνη |x Ιστορία |9 6179 | |
| 650 | 4 | |a Ζωγραφική |x Ιστορία |9 55073 | |
| 650 | 4 | |a Τέχνη, Κινήματα της |9 79345 | |
| 700 | 1 | |a Κατσικερός, Αθανάσιος |4 trl |9 136821 | |
| 852 | |a GR-PaULI |b ΠΑΤΡΑ |b ΘΕΑΤΡΟΛΟΓΙΑ |k ΑΣΧΕ-3 |h 709 LIT |m 009752 |p 025000198301 |t 1 | ||
| 942 | |2 ddc |c BK15 | ||
| 952 | |0 0 |1 0 |4 0 |6 709_000000000000000_LIT |7 0 |9 148164 |a THST |b THST |d 2016-04-24 |i 009752 |l 0 |o 709 LIT |p 025000198301 |r 2016-04-24 00:00:00 |t 1 |w 2016-04-24 |y BK15 | ||
| 998 | |c ΜΑΝΙΑ |d 2013-02 | ||
| 999 | |c 96106 |d 96106 | ||